00773nam a2200205 a 450000100100000000500170001000800410002704000250006808200150009310000300010824501210013826000540025930000280031349000190034170000490036083400190040904900090042895201130043799900170055000002209920200930011600.0100916s|||| ec r 000 |bspa d aDO-SdBNPbspacBNPHU axxxbS127R1 aRumazo G., Alfonso94578910aManuela Saenz :bla libertadora del libertador /cAlfonso Rumazo G.; introducción de Hernán Rodríguez Castelo. aQuito :bPublicaciones Educativas Ariel,c[s.l.]. a154 p. :bil. ;c18 cm. aClásico;v321 aRodríguez Castelo, Hernánvintrod.94689 aClásico;v32 aBNGR 001050718MOaGRbGRcCTd2010-09-16iLF1l0oxxx S127Rp22099-10r2020-06-25w2020-06-25y1ZNo se presta c21597d21597